Problemes d' urbanisme
Uloženo v:
| Hlavní autor: | |
|---|---|
| Médium: | Kniha |
| Jazyk: | francouzština |
| Vydáno: |
París
Dunod
1948
|
| Témata: | |
| Tagy: |
Přidat tag
Žádné tagy, Buďte první, kdo vytvoří štítek k tomuto záznamu!
|
MARC
| LEADER | 00000nam a2200000 a 4500 | ||
|---|---|---|---|
| 001 | UCY4960 | ||
| 003 | CL-VaPUC | ||
| 008 | 950407e19480000FR |||||||||||||||||fre|d | ||
| 082 | 0 | 4 | |a 711.1 |b BAR |2 21 |
| 100 | |a Bardet, Gaston |e author |9 333504 | ||
| 245 | 1 | 0 | |a Problemes d' urbanisme |
| 300 | |a 304 p | ||
| 942 | |c BK | ||
| 945 | |d 19950407 00:00:00 |a oaravena | ||
| 260 | |a París |b Dunod |c 1948 | ||
| 650 | 0 | |a Ciudades |9 265474 | |
| 650 | 0 | |a Planificación urbana |9 258176 | |
| 583 | |a last modification |c 20180314 14:49:15 |k Rodrigo Vera | ||
| 999 | |c 232706 |d 232704 | ||
| 952 | |0 0 |1 0 |4 0 |6 711_100000000000000_BAR_1948 |7 0 |8 A |9 237521 |a BIBART |b BIBART |d 2019-11-15 |i 3096149 |o 711.1 BAR 1948 |p 3096149 |r 2025-03-13 |w 2019-11-15 |y BK |k ART | ||